Hearts of Iron 4 Starting Nations - Statistics

General Stats
  • This quiz has been taken 309 times
    297 since last reset
  • The average score is 60 of 83
Answer Stats
Continent Country % Correct
Asia China
94%
Asia Japan
93%
North America United States
93%
Europe France
92%
Oceania Australia
91%
Europe German Reich
91%
South America Brazil
90%
Europe Finland
90%
Europe United Kingdom
90%
North America Canada
89%
Europe/Asia Soviet Union
89%
Europe Spain
89%
Europe Sweden
89%
Europe Italy
88%
Europe Norway
88%
Asia British Raj
87%
Europe Denmark
87%
Europe Romania
87%
South America Argentina
86%
Europe Austria
86%
Europe Belgium
86%
Europe Portugal
86%
Europe/Asia Turkey
86%
North America Mexico
85%
Europe Poland
85%
Europe Yugoslavia
85%
Europe Hungary
83%
Europe Greece
82%
Europe Bulgaria
81%
South America Chile
81%
Europe Estonia
81%
Europe Netherlands
81%
Africa Ethiopia
79%
Asia Iran
78%
Europe Latvia
78%
Europe Lithuania
78%
Europe Luxembourg
77%
Oceania New Zealand
77%
Africa South Africa
77%
Europe Switzerland
77%
South America Colombia
76%
Asia Afghanistan
73%
Asia Communist China
73%
South America Venezuela
72%
Asia Iraq
71%
South America Peru
71%
North America Cuba
70%
Europe Albania
69%
Europe Ireland
69%
Africa Liberia
68%
North America Panama
67%
Europe Czechoslovakia
66%
Asia Dutch East Indies
66%
South America Uruguay
66%
Asia Mongolia
65%
South America Ecuador
64%
North America El Salvador
64%
South America Paraguay
64%
Asia Saudi Arabia
64%
Asia Siam
64%
South America Bolivia
63%
North America Honduras
62%
Asia Bhutan
61%
Asia Oman
60%
Asia Yemen
60%
North America Guatemala
59%
North America Haiti
59%
Asia Manchukuo
59%
Asia Nepal
59%
Asia British Malaya
58%
North America Costa Rica
57%
North America Nicaragua
57%
North America Dominican Republic
55%
Asia Sinkiang
55%
Asia Tannu Tuva
55%
Asia Yunnan
55%
Asia Tibet
53%
Asia Xibei San Ma
46%
Africa Aussa
45%
Asia Shanxi
43%
Asia Guangxi Clique
41%
Asia Philippines
41%
Asia Mengkukuo
32%
No matching quizzes found
Score Distribution
Percent of People with Each Score
Percentile by Number Answered
Your Score History
You have not taken this quiz since the last reset